Grécke salto je len začiatok

Rebeli z radikálnej ľavicovej strany Syriza začali vládnuť. Grécka vláda vyjednala predĺženie súčasného balíka pomoci o ďalšie štyri mesiace výmenou za reformy. Úlohou lídrov Grécka je vymyslieť, ako sa dostať zo začarovaného kruhu.

Gespeichert in:
Bibliographische Detailangaben
1. Verfasser: Obradovič, Filip
Format: Buchkapitel
Sprache:Slowakisch
Schlagworte:
Tags: Tag hinzufügen
Keine Tags, Fügen Sie das erste Tag hinzu!

MARC

LEADER 00000naa a2200000 4500
001 0198794
005 20231113102628.7
041 0 |a slo 
044 |a SK 
245 1 0 |a Grécke salto je len začiatok  |c Filip Obradovič 
520 |a Rebeli z radikálnej ľavicovej strany Syriza začali vládnuť. Grécka vláda vyjednala predĺženie súčasného balíka pomoci o ďalšie štyri mesiace výmenou za reformy. Úlohou lídrov Grécka je vymyslieť, ako sa dostať zo začarovaného kruhu. 
610 2 0 |a politika vnútorná 
610 2 0 |a strany politické 
610 2 0 |a strany vládne 
610 2 0 |a politika medzinárodná 
610 2 0 |a pomoc finančná 
610 2 0 |a reformy 
610 2 0 |a Grécko 
610 2 0 |a Európska únia 
100 1 |a Obradovič, Filip